Viviamo con Dio : (Record n. 35611)

Dettagli MARC
000 -LEADER
fixed length control field 00686nam a2200217 i 4500
003 - CONTROL NUMBER IDENTIFIER
control field IT-RoINE
005 - DATE AND TIME OF LATEST TRANSACTION
control field 20201209101358.0
008 - FIXED-LENGTH DATA ELEMENTS--GENERAL INFORMATION
fixed length control field 980226s1934 it |||||r |||||||ita|d
040 ## - CATALOGING SOURCE
Transcribing agency IT-RoINE
Modifying agency IT-RoINE
100 1# - MAIN ENTRY--PERSONAL NAME
Personal name Valori, Etre Maria
9 (RLIN) 69830
245 10 - TITLE STATEMENT
Title Viviamo con Dio :
Remainder of title una pagina di fede per ogni giorno dell'anno /
Statement of responsibility, etc E. M. Valori.
260 ## - PUBLICATION, DISTRIBUTION, ETC. (IMPRINT)
Place of publication, distribution, etc Torino :
Name of publisher, distributor, etc Soc. Edit. Internazionale,
Date of publication, distribution, etc 1934.
300 ## - PHYSICAL DESCRIPTION
Extent 2 v. ;
Dimensions 15 cm.
336 ## - CONTENT TYPE
Source rdacontent
Content type term text
337 ## - MEDIA TYPE
Source rdamedia
Media type term unmediated
338 ## - CARRIER TYPE
Source rdacarrier
Carrier type term volume
505 0# - FORMATTED CONTENTS NOTE
Formatted contents note 1: Gennaio-Giugno -- 2: Luglio-Dicembre.
650 #4 - SUBJECT ADDED ENTRY--TOPICAL TERM
9 (RLIN) 4218
Topical term or geographic name as entry element Literatura de devoción
650 #4 - SUBJECT ADDED ENTRY--TOPICAL TERM
9 (RLIN) 3511
Topical term or geographic name as entry element Meditaciones
942 ## - ADDED ENTRY ELEMENTS (KOHA)
Item type Monografías
Dati di copia
Withdrawn status Lost status Damaged status Not for loan Home library Current library Date acquired Total Checkouts Full call number Barcode Date last seen Price effective from Koha item type Public note
        Iglesia Nacional Española en Roma Iglesia Nacional Española en Roma 09/12/2020   DEV.NOV 263.1 NOV-2438 09/12/2020 09/12/2020 Monografías 1: Gennaio-Giugno
        Iglesia Nacional Española en Roma Iglesia Nacional Española en Roma 09/12/2020   DEV.NOV 263.2 NOV-2439 09/12/2020 09/12/2020 Monografías 2: Luglio-Dicembre